00169nam a22000857a 4500082001800000100001500018245001200033260002900045300000900074 a621.902 HIN'M aHINE, C. R aMACHINE aTOKYObMCGRAW HILLc1971 a616P